Eine Literarische Anzeige
Uloženo v:
| Médium: | Kniha |
|---|---|
| Jazyk: | němčina |
| Vydáno: |
Düsseldorf
Eugen Diederichs
1954
|
| Edice: | Gesammelte Werke, 17
|
| Témata: | |
| Tagy: |
Přidat tag
Žádné tagy, Buďte první, kdo vytvoří štítek k tomuto záznamu!
|
MARC
| LEADER | 00000nam a2200000 a 4500 | ||
|---|---|---|---|
| 001 | UCZ4541 | ||
| 003 | CL-VaPUC | ||
| 008 | 951110e19540000GW |||||||||||||||||ger|d | ||
| 082 | 0 | 4 | |a 142.7 |b KIE |2 21 |
| 245 | 1 | 5 | |a Eine Literarische Anzeige |
| 300 | |a 163 p | ||
| 942 | |c BK | ||
| 945 | |d 19951110 00:00:00 |a cmena | ||
| 260 | |a Düsseldorf |b Eugen Diederichs |c 1954 | ||
| 650 | 0 | |a Existencialismo |9 265698 | |
| 650 | 0 | |a Filosofía danesa |9 266957 | |
| 650 | 0 | |a Teología |9 258766 | |
| 650 | 0 | |a Escuelas filosóficas |9 266232 | |
| 650 | 0 | |a Literatura |9 259151 | |
| 583 | |a last modification |c 19951110 00:00:00 |k Rodrigo Vera | ||
| 490 | 0 | |a Gesammelte Werke, 17 | |
| 999 | |c 240913 |d 240911 | ||
| 952 | |0 0 |1 0 |4 0 |6 142_700000000000000_KIE_1954 |7 0 |8 P |9 253033 |a BIBEDU |b BIBEDU |d 2019-11-19 |i 1571257 |o 142.7 KIE 1954 |p 1571257 |r 2025-01-22 |w 2019-11-19 |y BK |k FIL | ||